In Plain English: King Lear Quiz Stats

 Plays Quiz Updated May 14, 2018

Challenge
Share
Tweet
Embed
Score 0/25 Timer 08:00
2 Plays Today
% Correct
Do what you like.
82.1%
Pretty girls are so vain.
81.3%
Have all the sex you want!
80.2%
Astrology is for evasive idiots.
80%
He's trying to cheer him up.
79%
I'd sooner go live outdoors.
78.9%
You have to catch me first!
78.7%
It's quite a storm.
77.4%
Misery loves company.
75.3%
He'll only get grumpier as he gets older.
74.9%
You should give him some space. He's really mad.
74.1%
I'm announcing my retirement.
73.7%
We don't get along.
73.4%
% Correct
What a dupe.
73.1%
It's naked time!
72.5%
You seem like you're in charge.
72.3%
You are cut off, young lady.
72.1%
They can go to hell.
69%
You're lucky I won't hit a girl.
64.4%
You are such a wuss.
63.8%
You'd better back off.
59.7%
We'll just sedate him. He'll be fine.
58.7%
No sane person would be dressed like that.
53.8%
You're old.
50.2%
Yeah, I noticed that too.
47.2%

You're not logged in!

Compare scores with friends on all Sporcle quizzes.
Join for Free
OR
Log In

You Might Also Like...

Show Comments

Extras

Top Quizzes Today


Score Distribution

Your Account Isn't Verified!

In order to create a playlist on Sporcle, you need to verify the email address you used during registration. Go to your Sporcle Settings to finish the process.

Report this User

Report this user for behavior that violates our Community Guidelines.

Details: